01505nam a22002657a 45000010005000000030006000050050017000110080041000280200018000690400029000870500016001160820008001321000027001402450192001672500041003592600040004003000045004405050007004855200636004925210018011285210018011466500019011646500023011837000033012066608FISKH20250714102226.0250513b cb ||||| |||| 00| 0 eng d a9780547210759 aFISKHbengcFISKHdFISKH aPZ7.M5688 L a578 aMeyer, Flaschner Emily aMartha speaks :bLeader of the pack /cAdaptation by Emily Flaschner Meyer ; Based on the TV series teleplay written by Ken Scarborough ; Based on the characters created by Susan Meddaugh aThis edition first published in 2010 aNew York :bHoughton Mifflin,c2010 a23 pages :bcolor illustrations ;c21 cm aN  aJuvenile Fiction. HTML:After being excluded from Helen's family-tree school project because she isn't a human family member, Martha decides to get in touch with her own roots. What better way to do that than to live in the wild like her wolf ancestors? Martha succeeds in convincing the neighborhood dogs to join her pack, but getting them to stay is a different story. How can sleeping on the cold, hard ground and hunting squirrels compete with comfy armchairs and gourmet dog food dinners? If her dog pack deserts her, will Martha's best friend Helen welcome her back to the family? Includes fun vocabulary-building activities. 8 a540 bLexile 8 aN bRaz-plus  2DogsaBehavior 2FictionaSort 2010 aMeddaugh, Susandillustrator